000 00629nam a2200181 a 4500
001 001065339
003 AM-YeHGA
005 20250617151144.0
008 150312s1922 |||b r 000 0 arm d
040 _aAM-YeHGA
041 0 _aarm
245 0 0 _aՀիմնական կանոնագիր Ռամկավար ազատական կուսակցութեան.
260 _aԿ. Պօլիս :
_bՏպար. Մ. Յովակիմեան,
_c1922.
300 _a32 էջ.
650 1 4 _aՌամկավար ազաատական կուսակցություն
_xԿանոնագիր
650 1 4 _aՍփյուռքահայ գաղթօջախներ
090 _c347781
999 _c345980
_d345980